000 00538nam a2200205Ia 4500
003 OSt
005 20250306093045.0
008 210210b1964 xxu||||| |||| 00| 0 eng d
040 _cAL
041 _ahin
082 _aH891.1 SHAK
100 _aSHARM (Shivashankar):
_9204464
110 _bशर्म शिवशंकर
_9204465
245 _aKavita sita:
_bकविता सीता
260 _aAligad
_bShivashankar Sharm
_c1964
300 _a100
690 _aHindi Poetry
_9204466
906 _a032217
942 _2ddc
_cBK
999 _c83425
_d83425